Линии Московского Метро - Statistics

General Stats
  • This quiz has been taken 7 times
  • The average score is 13 of 15
Answer Stats
Line # Answer % Correct
3 Арбатско-Покровская
100%
4 Филёвская
100%
5 Кольцевая
100%
6 Калужско-Рижская
100%
8A Солнцевская
100%
9 Серпуховско-Тимирязевская
100%
10 Люблинско-Дмитровская
100%
11A Каховская
100%
12 Бутовская
100%
13 Монорельс
100%
1 Соколническая
67%
7 Таганско-Краснопресненская
67%
8 Калининская
67%
14 Московское Централное Кольцо
67%
2 Замосковерцкая
33%
No matching quizzes found
Score Distribution
Percent of People with Each Score
Percentile by Number Answered
Your Score History
You have not taken this quiz